Statistiken für Liedtext - New York, Rio, Rosenheim - Sportfreunde Stiller

Klicken Sie hier um das Quiz zu spielen!

Allgemein

  • Dieses Quiz wurde 60 mal gespielt
  • Das Durchschnittsergebnis liegt bei 161 aus 231

Antwortstatistiken

Textquiz% Korrekt
New
98%
Rio
98%
Rosenheim
98%
York
98%
Die
92%
die
92%
in
89%
In
89%
Wir
89%
ein
85%
sind
85%
an
83%
und
79%
Und
79%
nicht
75%
ist
74%
das
72%
Das
72%
der
72%
uns
72%
Alles
70%
muss
70%
Zündet
70%
allein
68%
im
68%
Kerzen
68%
sein
68%
Wie
68%
wie
68%
Welt
66%
aus
64%
haben
64%
hab'n
64%
Sonne
64%
Liebe
62%
Sie
62%
dunkel
58%
genug
58%
groß
58%
Nach
58%
keine
57%
Leuchtsignal
57%
'nem
57%
Wer
57%
wer
57%
Knips
55%
leben
55%
Leben
55%
Unser
55%
unser
55%
woll'n
55%
ihr
53%
lieben
53%
als
51%
auf
51%
was
51%
Reaktor
49%
strahl'n
49%
Unsere
49%
hat
47%
macht
47%
Macht
47%
darauf
45%
für
45%
jedem
45%
Lust
45%
schon
45%
Angst
42%
Frust
42%
Meeresspiegel
42%
Partei
42%
Pilzrisotto
42%
Schneller
42%
steigt
42%
Wahlkampflotto
40%
eingerollter
38%
Gemeinsame
38%
Igel
38%
wissen
38%
Fieber
36%
Göttliche
36%
Nur
36%
wankt
36%
warum
36%
dumm
34%
Bock
32%
Verkauft
32%
schwer
30%
euer
28%
Lügenmeer
28%
schüren
26%
surfen
26%
tratscht
15%

Verteilung der Resultate

Perzentil nach korrekt beantworteten Fragen

Anzahl Personen mit jedem Resultat

Ihre Resultats-Entwicklung

Sie haben dieses Quiz noch nicht gespielt